[Event "Tata Steel Masters"]
[Date "2026.01.22"]
[White "Erdogmus, Yagiz Kaan"]
[Black "Van Foreest, Jorden"]
[WhiteElo "2658"]
[BlackElo "2703"]
[Round "6.6.2"]
[Result "1-0"]

e4 {[%clk 01:59:59] [%emt 01:25:04]} e5 {[%clk 01:59:46] [%emt 00:00:14]} Nf3
{[%clk 01:59:52] [%emt 00:00:07]} Nc6 {[%clk 01:59:35] [%emt 00:00:10]} Nc3
{[%clk 01:59:49] [%emt 00:00:05]} Nf6 {[%clk 01:59:11] [%emt 00:00:23]} h3
{[%clk 01:59:45] [%emt 00:00:05]} Bb4 {[%clk 01:56:13] [%emt 00:02:57]} Bd3
{[%clk 01:59:24] [%emt 00:00:20]} O-O {[%clk 01:53:10] [%emt 00:03:03]} O-O
{[%clk 01:59:20] [%emt 00:00:05]} Bxc3 {[%clk 01:50:17] [%emt 00:02:53]} dxc3
{[%clk 01:59:13] [%emt 00:00:07]} a5 {[%emt 00:13:19]} Be3 {[%clk 01:29:14]
[%emt 00:17:11]} d6 {[%clk 01:48:52] [%emt 00:00:54]} Nd2 {[%clk 01:29:08] [%emt
00:00:07]} Be6 {[%clk 01:47:53] [%emt 00:00:57]} f4 {[%clk 01:18:02] [%emt
00:11:07]} exf4 {[%emt 00:00:32]} Bxf4 {[%clk 01:15:46] [%emt 00:02:15]} Nd7
{[%emt 00:11:31]} Nf3 {[%emt 00:10:47]} Nce5 {[%clk 01:30:26] [%emt 00:01:46]}
Nd4 {[%clk 01:06:42] [%emt 00:01:58]} a4 {[%clk 01:23:28] [%emt 00:06:57]} Qe1
{[%emt 00:12:05]} Ra5 {[%emt 00:09:37]} c4 {[%clk 00:46:10] [%emt 00:04:33]} Ra8
{[%clk 01:10:09] [%emt 00:07:35]} Qc3 {[%clk 00:36:56] [%emt 00:09:14]} Re8
{[%clk 01:07:47] [%emt 00:02:21]} b3 {[%clk 00:33:00] [%emt 00:03:57]} h6 {[%clk
00:56:12] [%emt 00:11:34]} Nb5 {[%emt 00:10:35]} axb3 {[%clk 00:44:58] [%emt
00:03:15]} cxb3 {[%clk 00:26:21] [%emt 00:04:04]} Nxd3 {[%clk 00:42:09] [%emt
00:02:49]} Qxd3 {[%clk 00:26:19] [%emt 00:00:02]} Nc5 {[%clk 00:41:08] [%emt
00:01:00]} Qf3 {[%clk 00:20:20] [%emt 00:05:58]} f6 {[%clk 00:24:36] [%emt
00:16:33]} Nc3 {[%clk 00:16:33] [%emt 00:03:47]} Qe7 {[%clk 00:18:57] [%emt
00:05:38]} Rae1 {[%clk 00:14:54] [%emt 00:01:40]} Qf7 {[%clk 00:17:50] [%emt
00:01:06]} Qg3 {[%clk 00:11:42] [%emt 00:03:13]} Qh5 {[%clk 00:17:30] [%emt
00:00:20]} e5 {[%clk 00:09:57] [%emt 00:01:46]} fxe5 {[%clk 00:15:00] [%emt
00:02:29]} Bxe5 {[%clk 00:09:55] [%emt 00:00:03]} Qg5 {[%clk 00:14:54] [%emt
00:00:06]} Qxg5 {[%clk 00:09:53] [%emt 00:00:02]} hxg5 {[%clk 00:14:47] [%emt
00:00:06]} Bd4 {[%emt 00:00:52]} Nd3 {[%clk 00:13:35] [%emt 00:00:21]} Re3
{[%clk 00:08:35] [%emt 00:01:18]} Nb4 {[%clk 00:10:30] [%emt 00:03:04]} Nb5
{[%clk 00:06:49] [%emt 00:01:47]} Bd7 {[%clk 00:07:55] [%emt 00:02:35]} Rxe8+
{[%clk 00:05:53] [%emt 00:00:56]} Rxe8 {[%clk 00:07:53] [%emt 00:00:02]} Nxc7
{[%clk 00:05:48] [%emt 00:00:05]} Re2 {[%clk 00:06:18] [%emt 00:01:34]} a3
{[%clk 00:04:29] [%emt 00:01:20]} Nc2 {[%clk 00:03:49] [%emt 00:02:29]} Bf2
{[%clk 00:04:28] [%emt 00:00:01]} Nxa3 {[%clk 00:03:32] [%emt 00:00:17]} Rd1
{[%clk 00:04:23] [%emt 00:00:05]} Bc6 {[%clk 00:03:30] [%emt 00:00:02]} Rxd6
{[%clk 00:04:20] [%emt 00:00:03]} Rb2 {[%clk 00:03:25] [%emt 00:00:04]} Rg6
{[%clk 00:02:42] [%emt 00:01:38]} Kf7 {[%clk 00:01:31] [%emt 00:01:54]} Rxg5
{[%clk 00:02:41] [%emt 00:00:01]} Rxb3 {[%clk 00:01:27] [%emt 00:00:04]} Rf5+
{[%clk 00:00:35] [%emt 00:02:06]} Ke7 {[%clk 00:00:41] [%emt 00:00:46]} Bc5+
{[%clk 00:30:35] [%emt 00:00:29]} Kd8 {[%emt 00:09:58]} Ne6+ {[%clk 00:20:47]
[%emt 00:00:23]} Kd7 {[%clk 00:30:58] [%emt 00:00:40]} Nd4 {[%clk 00:18:58]
[%emt 00:02:20]} Rb1+ {[%clk 00:31:18] [%emt 00:00:09]} Kh2 {[%clk 00:19:22]
[%emt 00:00:06]} Nxc4 {[%clk 00:31:43] [%emt 00:00:05]} Rf7+ {[%clk 00:19:48]
[%emt 00:00:04]} Kd8 {[%clk 00:30:54] [%emt 00:01:20]} Ne6+ {[%clk 00:17:28]
[%emt 00:02:50]} Kc8 {[%clk 00:31:17] [%emt 00:00:07]} Ba7 {[%clk 00:17:49]
[%emt 00:00:09]}

[Site "Europe Echecs"]

[Event "Tata Steel Masters"]
[Date "2026.01.22"]
[White "Aravindh, Chithambaram VR."]
[Black "Sindarov, Javokhir"]
[WhiteElo "2700"]
[BlackElo "2726"]
[Round "6.6.3"]
[Result "1/2-1/2"]

d4 {[%clk 01:59:30] [%emt 00:00:28]} d5 {[%clk 01:59:47] [%emt 00:00:14]} c4
{[%clk 01:59:17] [%emt 00:00:12]} e6 {[%clk 01:59:42] [%emt 00:00:06]} Nf3
{[%clk 01:59:02] [%emt 00:00:14]} Nf6 {[%clk 01:59:34] [%emt 00:00:08]} Nc3
{[%clk 01:58:52] [%emt 00:00:09]} c6 {[%clk 01:59:29] [%emt 00:00:06]} g3 {[%clk
01:58:08] [%emt 00:00:44]} Nbd7 {[%clk 01:51:09] [%emt 00:08:21]} Bg2 {[%clk
01:57:53] [%emt 00:00:13]} dxc4 {[%clk 01:50:03] [%emt 00:01:08]} O-O {[%clk
01:57:22] [%emt 00:00:29]} Be7 {[%clk 01:47:48] [%emt 00:02:16]} a4 {[%clk
01:56:23] [%emt 00:00:59]} O-O {[%clk 01:47:41] [%emt 00:00:08]} e4 {[%clk
01:56:07] [%emt 00:00:15]} b5 {[%clk 01:46:39] [%emt 00:01:03]} axb5 {[%clk
01:55:21] [%emt 00:00:46]} cxb5 {[%clk 01:46:34] [%emt 00:00:05]} e5 {[%clk
01:55:08] [%emt 00:00:12]} Nd5 {[%clk 01:46:17] [%emt 00:00:17]} Nxb5 {[%clk
01:54:57] [%emt 00:00:11]} Bb7 {[%clk 01:41:06] [%emt 00:05:12]} Nd2 {[%clk
01:54:14] [%emt 00:00:41]} a6 {[%clk 01:33:09] [%emt 00:07:58]} Nc3 {[%clk
01:53:09] [%emt 00:01:04]} Nxc3 {[%clk 01:33:02] [%emt 00:00:08]} bxc3 {[%clk
01:53:05] [%emt 00:00:04]} Bxg2 {[%clk 01:32:56] [%emt 00:00:05]} Kxg2 {[%clk
01:52:55] [%emt 00:00:09]} Nb6 {[%clk 01:32:48] [%emt 00:00:09]} Ne4 {[%clk
01:33:43] [%emt 00:19:11]} a5 {[%clk 01:32:09] [%emt 00:00:40]} Qg4 {[%clk
01:25:20] [%emt 00:08:22]} Kh8 {[%clk 01:29:31] [%emt 00:02:39]} Ba3 {[%clk
01:24:49] [%emt 00:00:30]} Bxa3 {[%clk 01:15:13] [%emt 00:14:19]} Rxa3 {[%clk
01:24:43] [%emt 00:00:06]} Qc7 {[%clk 01:15:08] [%emt 00:00:04]} Rb1 {[%clk
01:21:54] [%emt 00:02:48]} Qc6 {[%clk 01:09:29] [%emt 00:05:40]} Kh3 {[%clk
01:13:25] [%emt 00:08:29]} Nd5 {[%clk 00:50:49] [%emt 00:18:41]} Nd6 {[%clk
01:12:11] [%emt 00:01:13]} Ra7 {[%clk 00:41:34] [%emt 00:09:16]} Rb5 {[%clk
00:54:51] [%emt 00:17:20]} f5 {[%clk 00:40:07] [%emt 00:01:27]} Qh5 {[%clk
00:46:13] [%emt 00:08:38]} a4 {[%clk 00:34:09] [%emt 00:05:59]} Rc5 {[%clk
00:40:49] [%emt 00:05:23]} Qa8 {[%clk 00:33:09] [%emt 00:00:57]} Rxc4 {[%clk
00:29:23] [%emt 00:11:29]} h6 {[%clk 00:16:42] [%emt 00:16:27]} Qe2 {[%clk
00:19:26] [%emt 00:09:57]} g5 {[%clk 00:13:12] [%emt 00:03:31]} f3 {[%clk
00:19:20] [%emt 00:00:06]} f4 {[%clk 00:09:23] [%emt 00:03:49]} Rc5 {[%clk
00:11:53] [%emt 00:07:27]} Ne3 {[%clk 00:07:40] [%emt 00:01:44]} c4 {[%clk
00:10:43] [%emt 00:01:09]} Rg7 {[%clk 00:06:35] [%emt 00:01:05]} d5 {[%clk
00:08:12] [%emt 00:02:32]} Qa7 {[%clk 00:06:31] [%emt 00:00:04]} Ne4 {[%clk
00:06:15] [%emt 00:01:56]} h5 {[%clk 00:02:49] [%emt 00:03:43]} gxf4 {[%clk
00:05:42] [%emt 00:00:33]} gxf4 {[%clk 00:02:13] [%emt 00:00:36]} Rxe3 {[%clk
00:01:48] [%emt 00:03:54]} fxe3 {[%clk 00:02:13]} Qxe3 {[%clk 00:01:46] [%emt
00:00:02]} Rg6 {[%clk 00:02:08] [%emt 00:00:04]} Nf6 {[%clk 00:01:26] [%emt
00:00:19]} exd5 {[%clk 00:01:01] [%emt 00:01:07]} cxd5 {[%clk 00:01:02] [%emt
00:00:24]} a3 {[%clk 00:00:56] [%emt 00:00:06]} Qe4 {[%clk 00:00:29] [%emt
00:00:33]} Rgxf6 {[%clk 00:00:22] [%emt 00:00:34]} exf6 {[%clk 00:30:58]} a2
{[%clk 00:30:39] [%emt 00:00:13]} Qg6 {[%clk 00:23:38] [%emt 00:07:49]} a1=Q
{[%emt 00:01:05]}

[Site "Europe Echecs"]

[Event "Tata Steel Masters"]
[Date "2026.01.22"]
[White "Niemann, Hans Moke"]
[Black "Keymer, Vincent"]
[WhiteElo "2725"]
[BlackElo "2776"]
[Round "6.6.4"]
[Result "0-1"]

e4 {[%clk 01:59:55] [%emt 00:00:04]} e5 {[%clk 01:59:57] [%emt 00:00:04]} Nf3
{[%clk 01:59:42] [%emt 00:00:12]} Nc6 {[%clk 01:59:55] [%emt 00:00:03]} Bc4
{[%clk 01:59:09] [%emt 00:00:32]} Nf6 {[%clk 01:59:52] [%emt 00:00:04]} d3
{[%clk 01:58:58] [%emt 00:00:10]} Bc5 {[%clk 01:59:48] [%emt 00:00:04]} O-O
{[%clk 01:58:10] [%emt 00:00:47]} d6 {[%clk 01:59:38] [%emt 00:00:11]} c3 {[%clk
01:57:40] [%emt 00:00:29]} a5 {[%clk 01:59:34] [%emt 00:00:05]} Re1 {[%clk
01:56:58] [%emt 00:00:41]} h6 {[%clk 01:59:30] [%emt 00:00:05]} Nbd2 {[%clk
01:54:29] [%emt 00:02:28]} O-O {[%clk 01:59:15] [%emt 00:00:17]} h3 {[%clk
01:53:06] [%emt 00:01:22]} a4 {[%clk 01:58:59] [%emt 00:00:16]} Nf1 {[%clk
01:51:35] [%emt 00:01:29]} Bd7 {[%clk 01:58:50] [%emt 00:00:11]} d4 {[%clk
01:51:16] [%emt 00:00:18]} Bb6 {[%clk 01:58:27] [%emt 00:00:24]} Ng3 {[%clk
01:51:08] [%emt 00:00:07]} Re8 {[%clk 01:58:23] [%emt 00:00:05]} Bf1 {[%clk
01:50:50] [%emt 00:00:17]} Bc8 {[%clk 01:58:13] [%emt 00:00:10]} Bb5 {[%clk
01:29:30] [%emt 00:21:20]} Bd7 {[%clk 01:58:01] [%emt 00:00:13]} Bf1 {[%clk
01:21:08] [%emt 00:08:22]} Bc8 {[%clk 01:57:52] [%emt 00:00:09]} a3 {[%clk
01:16:12] [%emt 00:04:56]} Bd7 {[%clk 01:47:07] [%emt 00:10:45]} Qd3 {[%clk
01:14:13] [%emt 00:01:58]} Na5 {[%clk 01:29:38] [%emt 00:17:29]} Be3 {[%clk
01:11:48] [%emt 00:02:25]} Nb3 {[%clk 01:26:32] [%emt 00:03:07]} Rad1 {[%clk
01:11:15] [%emt 00:00:31]} exd4 {[%clk 01:23:09] [%emt 00:03:24]} Bxd4 {[%clk
00:57:07] [%emt 00:14:08]} Nxd4 {[%clk 01:22:41] [%emt 00:00:29]} cxd4 {[%clk
00:56:01] [%emt 00:01:05]} Be6 {[%clk 01:17:20] [%emt 00:05:22]} d5 {[%clk
00:53:09] [%emt 00:02:51]} Bc8 {[%clk 01:10:50] [%emt 00:06:30]} Qc2 {[%clk
00:52:03] [%emt 00:01:05]} Ra5 {[%clk 01:05:19] [%emt 00:05:32]} Bc4 {[%clk
00:42:44] [%emt 00:09:19]} Nd7 {[%clk 01:01:34] [%emt 00:03:46]} Kh2 {[%clk
00:36:03] [%emt 00:06:40]} Ne5 {[%clk 00:47:33] [%emt 00:14:01]} Nxe5 {[%clk
00:35:57] [%emt 00:00:06]} dxe5 {[%clk 00:47:22] [%emt 00:00:12]} Qd2 {[%clk
00:35:46] [%emt 00:00:10]} Qd6 {[%clk 00:35:33] [%emt 00:11:50]} Rf1 {[%clk
00:35:35] [%emt 00:00:11]} Rc5 {[%clk 00:34:22] [%emt 00:01:12]} Bd3 {[%clk
00:33:32] [%emt 00:02:02]} Bd7 {[%clk 00:31:25] [%emt 00:02:58]} Kh1 {[%clk
00:31:39] [%emt 00:01:52]} Ra5 {[%clk 00:25:05] [%emt 00:06:21]} Bc2 {[%clk
00:26:56] [%emt 00:04:42]} Raa8 {[%clk 00:23:12] [%emt 00:01:53]} Ne2 {[%clk
00:21:53] [%emt 00:05:03]} Re7 {[%clk 00:19:25] [%emt 00:03:48]} Qd3 {[%clk
00:20:33] [%emt 00:01:18]} Ra5 {[%clk 00:18:20] [%emt 00:01:05]} Qd2 {[%clk
00:18:38] [%emt 00:01:55]} Ra8 {[%clk 00:17:01] [%emt 00:01:20]} Qd3 {[%clk
00:18:32] [%emt 00:00:06]} Qc5 {[%clk 00:11:09] [%emt 00:05:52]} Nc3 {[%clk
00:17:09] [%emt 00:01:21]} Ree8 {[%clk 00:08:43] [%emt 00:02:27]} Qg3 {[%clk
00:11:35] [%emt 00:05:34]} Qd6 {[%clk 00:06:15] [%emt 00:02:29]} f4 {[%clk
00:10:37] [%emt 00:00:57]} exf4 {[%clk 00:05:49] [%emt 00:00:27]} Rxf4 {[%clk
00:10:33] [%emt 00:00:04]} Bc5 {[%clk 00:04:17] [%emt 00:01:31]} e5 {[%clk
00:38:16] [%emt 00:02:47]} Qxe5 {[%clk 00:31:48] [%emt 00:02:59]} Ne4 {[%clk
00:38:06] [%emt 00:00:39]} Be7 {[%clk 00:23:06] [%emt 00:09:13]} d6 {[%clk
00:35:43] [%emt 00:02:54]} cxd6 {[%clk 00:22:22] [%emt 00:01:14]} Qf2 {[%clk
00:34:27] [%emt 00:01:45]} d5 {[%clk 00:20:11] [%emt 00:02:41]} Ng3 {[%clk
00:34:40] [%emt 00:00:16]} Bd6 {[%clk 00:16:03] [%emt 00:04:39]} Rf3 {[%clk
00:35:06] [%emt 00:00:04]} Rac8 {[%clk 00:13:34] [%emt 00:02:59]} Bd3 {[%clk
00:34:59] [%emt 00:00:36]} Re7 {[%clk 00:10:38] [%emt 00:03:26]} Rf1 {[%clk
00:35:14] [%emt 00:00:15]} Rf8 {[%clk 00:09:00] [%emt 00:02:08]} Qg1 {[%clk
00:35:09] [%emt 00:00:35]} Qxb2 {[%clk 00:06:48] [%emt 00:02:43]} Nf5 {[%clk
00:35:35] [%emt 00:00:03]} Bxf5 {[%clk 00:07:14] [%emt 00:00:05]} Rxf5 {[%clk
00:36:03] [%emt 00:00:02]} Qxa3 {[%clk 00:06:10] [%emt 00:01:34]} Qd4 {[%clk
00:36:23] [%emt 00:00:09]} Qc5 {[%clk 00:04:55] [%emt 00:01:46]} Qxa4 {[%clk
00:36:17] [%emt 00:00:36]} Bc7 {[%clk 00:04:08] [%emt 00:01:17]} R5f3 {[%clk
00:35:54] [%emt 00:00:52]} Re3 {[%clk 00:03:16] [%emt 00:01:22]} Qd7 {[%clk
00:36:04] [%emt 00:00:20]} Rxf3 {[%clk 00:03:40] [%emt 00:00:07]} Rxf3 {[%clk
00:36:32] [%emt 00:00:02]} Qd6 {[%clk 00:03:58] [%emt 00:00:11]} Qxd6 {[%clk
00:35:51] [%emt 00:01:11]} Bxd6 {[%clk 00:04:27] [%emt 00:00:01]} Kg1 {[%clk
00:36:14] [%emt 00:00:07]} Rc8 {[%clk 00:04:43] [%emt 00:00:14]} Kf1 {[%clk
00:36:34] [%emt 00:00:10]} g6 {[%clk 00:04:58] [%emt 00:00:16]} Bb5 {[%clk
00:36:16] [%emt 00:00:43]} Kg7 {[%clk 00:05:18] [%emt 00:00:15]} Ba4 {[%clk
00:36:32] [%emt 00:00:14]} d4 {[%clk 00:05:22] [%emt 00:00:27]} Rb3 {[%clk
00:36:08] [%emt 00:00:53]} Rc4 {[%clk 00:05:40] [%emt 00:00:13]} Bd7 {[%clk
00:36:34] [%emt 00:00:04]} Rb4 {[%clk 00:06:03] [%emt 00:00:08]} Rf3 {[%clk
00:36:56] [%emt 00:00:07]} Rb1+ {[%clk 00:06:20] [%emt 00:00:14]} Ke2 {[%clk
00:37:12] [%emt 00:00:14]} Rb2+ {[%clk 00:06:46] [%emt 00:00:04]}

[Site "Europe Echecs"]

[Event "Tata Steel Masters"]
[Date "2026.01.22"]
[White "Abdusattorov, Nodirbek"]
[Black "Gukesh D"]
[WhiteElo "2751"]
[BlackElo "2754"]
[Round "6.6.5"]
[Result "1-0"]

e4 {[%clk 01:59:52] [%emt 00:00:06]} e5 {[%clk 01:59:54] [%emt 00:00:07]} Nf3
{[%clk 01:59:33] [%emt 00:00:19]} Nc6 {[%clk 01:59:46] [%emt 00:00:08]} Bb5
{[%clk 01:59:26] [%emt 00:00:06]} a6 {[%clk 01:59:40] [%emt 00:00:07]} Ba4
{[%clk 01:59:20] [%emt 00:00:06]} Nf6 {[%clk 01:59:34] [%emt 00:00:06]} O-O
{[%clk 01:59:12] [%emt 00:00:08]} Be7 {[%clk 01:59:28] [%emt 00:00:05]} Bxc6
{[%clk 01:59:06] [%emt 00:00:06]} dxc6 {[%clk 01:59:23] [%emt 00:00:05]} d3
{[%clk 01:59:02] [%emt 00:00:04]} Nd7 {[%clk 01:58:26] [%emt 00:00:57]} Nc3
{[%clk 01:58:11] [%emt 00:00:51]} O-O {[%clk 01:58:17] [%emt 00:00:08]} Be3
{[%clk 01:58:09] [%emt 00:00:03]} Re8 {[%clk 01:58:10] [%emt 00:00:07]} a4
{[%clk 01:57:53] [%emt 00:00:16]} a5 {[%clk 01:47:29] [%emt 00:10:41]} Kh1
{[%clk 01:57:14] [%emt 00:00:39]} Bd6 {[%clk 01:45:08] [%emt 00:02:21]} Ne2
{[%clk 01:56:34] [%emt 00:00:40]} Nf8 {[%clk 01:44:06] [%emt 00:01:02]} Ng3
{[%clk 01:54:13] [%emt 00:02:20]} c5 {[%clk 01:33:59] [%emt 00:10:08]} Nd2
{[%clk 01:39:30] [%emt 00:14:43]} Ne6 {[%clk 01:30:47] [%emt 00:03:12]} Nf5
{[%clk 01:32:04] [%emt 00:07:26]} Bf8 {[%clk 01:29:52] [%emt 00:00:55]} Nc4
{[%clk 01:29:32] [%emt 00:02:33]} f6 {[%clk 01:22:27] [%emt 00:07:25]} Qg4
{[%clk 01:20:36] [%emt 00:08:55]} Kh8 {[%clk 01:15:25] [%emt 00:07:02]} Qg3
{[%clk 01:12:07] [%emt 00:08:29]} b6 {[%clk 01:12:42] [%emt 00:02:43]} h4 {[%clk
01:06:57] [%emt 00:05:09]} g6 {[%clk 00:56:40] [%emt 00:16:03]} Nh6 {[%clk
01:06:22] [%emt 00:00:35]} Qd7 {[%clk 00:53:58] [%emt 00:02:43]} Ng4 {[%clk
01:01:40] [%emt 00:04:41]} Bg7 {[%clk 00:53:36] [%emt 00:00:21]} f3 {[%clk
00:58:31] [%emt 00:03:09]} Ba6 {[%clk 00:44:30] [%emt 00:09:06]} b3 {[%clk
00:58:11] [%emt 00:00:20]} Rad8 {[%clk 00:43:11] [%emt 00:01:19]} h5 {[%clk
00:44:04] [%emt 00:14:07]} gxh5 {[%clk 00:41:56] [%emt 00:01:15]} Nh6 {[%clk
00:43:27] [%emt 00:00:37]} Bxc4 {[%clk 00:34:58] [%emt 00:06:58]} bxc4 {[%clk
00:41:15] [%emt 00:02:13]} Bxh6 {[%clk 00:31:26] [%emt 00:03:32]} Bxh6 {[%clk
00:41:13] [%emt 00:00:02]} Rg8 {[%clk 00:27:25] [%emt 00:04:01]} Qh2 {[%clk
00:35:32] [%emt 00:05:41]} Rg6 {[%clk 00:27:12] [%emt 00:00:14]} Qxh5 {[%clk
00:29:34] [%emt 00:05:57]} Nf4 {[%clk 00:22:27] [%emt 00:04:45]} Bxf4 {[%clk
00:29:21] [%emt 00:00:12]} exf4 {[%clk 00:22:26] [%emt 00:00:02]} g4 {[%clk
00:29:13] [%emt 00:00:08]} fxg3 {[%clk 00:19:42] [%emt 00:02:44]} Kg2 {[%clk
00:29:12]} Qd4 {[%clk 00:15:17] [%emt 00:04:26]} Rae1 {[%clk 00:26:57] [%emt
00:02:15]} Kg7 {[%clk 00:13:59] [%emt 00:01:18]} e5 {[%clk 00:25:22] [%emt
00:01:35]} Rh6 {[%clk 00:09:57] [%emt 00:04:02]} Qg4+ {[%clk 00:24:46] [%emt
00:00:36]} Rg6 {[%clk 00:08:29] [%emt 00:01:29]} Qf5 {[%clk 00:21:41] [%emt
00:03:04]} Rg5 {[%clk 00:05:36] [%emt 00:02:53]} Qxf6+ {[%clk 00:21:32] [%emt
00:00:09]}

[Site "Europe Echecs"]

[Event "Tata Steel Masters"]
[Date "2026.01.22"]
[White "Giri, Anish"]
[Black "Nguyen, Thai Dai Van"]
[WhiteElo "2760"]
[BlackElo "2656"]
[Round "6.6.6"]
[Result "1/2-1/2"]

d4 {[%clk 01:59:55] [%emt 00:00:03]} d5 {[%clk 01:59:48] [%emt 00:00:12]} c4
{[%clk 01:59:38] [%emt 00:00:17]} e6 {[%clk 01:59:30] [%emt 00:00:19]} Nf3
{[%clk 01:59:33] [%emt 00:00:04]} Nf6 {[%clk 01:59:18] [%emt 00:00:12]} cxd5
{[%clk 01:59:27] [%emt 00:00:07]} exd5 {[%clk 01:59:09] [%emt 00:00:09]} Nc3
{[%clk 01:59:23] [%emt 00:00:03]} h6 {[%clk 01:55:16] [%emt 00:03:53]} Bf4
{[%clk 01:57:24] [%emt 00:01:58]} Bd6 {[%clk 01:55:04] [%emt 00:00:12]} Bxd6
{[%clk 01:55:05] [%emt 00:02:19]} Qxd6 {[%clk 01:54:54] [%emt 00:00:11]} e3
{[%clk 01:51:57] [%emt 00:03:09]} Bf5 {[%clk 01:52:03] [%emt 00:02:50]} Ne5
{[%clk 01:31:39] [%emt 00:20:17]} Nbd7 {[%clk 01:34:39] [%emt 00:17:24]} Bd3
{[%clk 01:29:50] [%emt 00:01:49]} Bxd3 {[%clk 01:23:39] [%emt 00:11:01]} Nxd3
{[%clk 01:29:32] [%emt 00:00:18]} O-O {[%clk 01:23:25] [%emt 00:00:14]} O-O
{[%clk 01:27:44] [%emt 00:01:47]} c6 {[%clk 01:21:38] [%emt 00:01:48]} b4 {[%clk
01:07:40] [%emt 00:20:04]} a5 {[%clk 01:16:43] [%emt 00:04:54]} b5 {[%clk
01:04:33] [%emt 00:03:08]} Ne4 {[%clk 01:09:23] [%emt 00:07:20]} Nxe4 {[%clk
01:03:33] [%emt 00:01:00]} dxe4 {[%clk 01:09:19] [%emt 00:00:04]} bxc6 {[%clk
01:02:59] [%emt 00:00:35]} bxc6 {[%clk 01:08:50] [%emt 00:00:29]} Nf4 {[%clk
01:02:16] [%emt 00:00:43]} Nf6 {[%clk 01:03:51] [%emt 00:04:59]} Rc1 {[%clk
00:58:34] [%emt 00:03:42]} Rfb8 {[%clk 01:00:14] [%emt 00:03:37]} Qa4 {[%clk
00:44:47] [%emt 00:13:48]} Rb5 {[%clk 00:53:20] [%emt 00:06:53]} h3 {[%clk
00:42:59] [%emt 00:01:46]} Rab8 {[%clk 00:44:04] [%emt 00:09:18]} Rc3 {[%clk
00:30:34] [%emt 00:12:24]} Nd5 {[%clk 00:24:49] [%emt 00:19:17]} Nxd5 {[%clk
00:30:11] [%emt 00:00:23]} Qxd5 {[%clk 00:24:31] [%emt 00:00:18]} Rfc1 {[%clk
00:23:38] [%emt 00:06:33]} Rb2 {[%clk 00:22:51] [%emt 00:01:40]} a3 {[%clk
00:20:19] [%emt 00:03:20]} Qb5 {[%clk 00:08:30] [%emt 00:14:21]} Qd1 {[%clk
00:16:28] [%emt 00:03:51]} Qe2 {[%clk 00:08:26] [%emt 00:00:04]} Qxe2 {[%clk
00:13:00] [%emt 00:03:29]} Rxe2 {[%clk 00:08:24] [%emt 00:00:02]} Rc5 {[%clk
00:11:42] [%emt 00:01:18]} Rbb2 {[%clk 00:06:49] [%emt 00:01:35]} Rf5 {[%clk
00:11:20] [%emt 00:00:21]} g6 {[%clk 00:05:01] [%emt 00:01:49]} Rf4 {[%clk
00:11:00] [%emt 00:00:19]} g5 {[%clk 00:04:26] [%emt 00:00:35]} Rf5 {[%clk
00:09:13] [%emt 00:01:47]} Rb5 {[%clk 00:03:47] [%emt 00:00:39]} Rcc5 {[%clk
00:05:30] [%emt 00:03:43]} Ra2 {[%emt 00:01:08]} Rxb5 {[%clk 00:04:49] [%emt
00:00:39]} cxb5 {[%clk 00:02:40] [%emt 00:00:02]} Rxb5 {[%clk 00:04:45] [%emt
00:00:03]} Rxa3 {[%clk 00:02:37] [%emt 00:00:03]} Re5 {[%clk 00:03:41] [%emt
00:01:04]} f6 {[%clk 00:01:34] [%emt 00:01:03]} Re7 {[%clk 00:03:23] [%emt
00:00:17]} Kf8 {[%clk 00:01:22] [%emt 00:00:13]} Ra7 {[%clk 00:01:10] [%emt
00:02:13]} h5 {[%clk 00:00:49] [%emt 00:00:33]} g3 {[%clk 00:00:39] [%emt
00:00:32]} a4 {[%clk 00:00:47] [%emt 00:00:02]} h4 {[%clk 00:00:26] [%emt
00:00:13]} Ra1+ {[%clk 00:00:39] [%emt 00:00:08]} Kg2 {[%clk 00:00:25] [%emt
00:00:01]} a3 {[%clk 00:00:26] [%emt 00:00:13]} d5 {[%clk 00:30:37] [%emt
00:00:18]} a2 {[%clk 00:30:40] [%emt 00:00:17]} d6 {[%clk 00:24:47] [%emt
00:06:20]} gxh4 {[%clk 00:23:35] [%emt 00:07:35]} Ra8+ {[%clk 00:23:54] [%emt
00:01:23]} Kf7 {[%clk 00:23:53] [%emt 00:00:12]} d7 {[%clk 00:24:13] [%emt
00:00:11]} Rd1 {[%clk 00:20:03] [%emt 00:04:19]} gxh4 {[%clk 00:24:30] [%emt
00:00:13]} Rxd7 {[%clk 00:20:25] [%emt 00:00:09]} Rxa2 {[%clk 00:24:58] [%emt
00:00:02]} Kg6 {[%clk 00:20:21] [%emt 00:00:34]} Kg3 {[%clk 00:22:47] [%emt
00:02:41]} Rd1 {[%clk 00:19:20] [%emt 00:01:31]} Kf4 {[%clk 00:22:26] [%emt
00:00:50]} Rh1 {[%clk 00:19:46] [%emt 00:00:04]} Kxe4 {[%clk 00:22:51] [%emt
00:00:06]} Rxh4+ {[%clk 00:20:13] [%emt 00:00:03]} f4 {[%clk 00:22:26] [%emt
00:00:54]} Rg4 {[%clk 00:11:09] [%emt 00:09:34]} Ra8 {[%clk 00:21:26] [%emt
00:01:31]} h4 {[%clk 00:11:21] [%emt 00:00:19]} Rg8+ {[%clk 00:19:31] [%emt
00:02:24]} Kh5 {[%clk 00:11:45] [%emt 00:00:06]} Rh8+ {[%clk 00:19:58] [%emt
00:00:03]} Kg6 {[%clk 00:12:10] [%emt 00:00:04]}

[Site "Europe Echecs"]